| 000 | 00759nam a2200241Ia 4500 | ||
|---|---|---|---|
| 008 | 191130s2008##################000#0#eng## | ||
| 020 | _a9780199217779 | ||
| 022 | _a2008021788 | ||
| 040 |
_aACL _cACL |
||
| 082 | _a34410026 ALL | ||
| 100 | _aAllen, M. J | ||
| 245 |
_aCases and materials on constitutional and administrative law _cMichael J. Allen, Brian Thompson |
||
| 250 | _a9th ed | ||
| 260 |
_aOxford _bOxford University Press _cc2008 |
||
| 300 | _axxxvi, 752 p. : ill. ; 25 cm | ||
| 500 | _aIncludes index | ||
| 650 | _aAdministrative law - Great Britain - Cases | ||
| 650 | _aConstitutional law - Great Britain - Cases | ||
| 700 | _aThompson, Brian | ||
| 990 | _ae312aed2ac10000c3993d632314e9d19 | ||
| 991 | _a245378 | ||
| 999 |
_c124838 _d124838 |
||